[Event "Titled Tue 1st Jul Early"]
[Site "chess.com INT"]
[Date "2025.07.01"]
[Round "5"]
[White "Tyukhanov, Alexey"]
[Black "Magana Morales, Roberto"]
[Result "1-0"]
[WhiteTitle "CM"]
[WhiteElo "2218"]
[BlackElo "1952"]
[WhiteFideId "24149829"]
[BlackFideId "5114454"]
[EventDate "2025.07.01"]

1. e4 c6 2. d4 d5 3. exd5 cxd5 4. c3 Nc6 5. Bd3 Nf6 6. h3 e5 7. dxe5 Nxe5 8. Qe2
Qe7 9. Bb5+ Bd7 10. Be3 Bxb5 11. Qxb5+ Qd7 12. Qe2 Be7 13. Nf3 Nxf3+ 14. Qxf3
O-O 15. O-O Qb5 16. b3 Bc5 17. Bg5 Ne4 18. Nd2 Qb6 19. Nxe4 dxe4 20. Qxe4 Rfe8
21. Qf3 Re5 22. Bh4 Rae8 23. Rad1 Re2 24. Rd7 Qg6 25. a4 a6 26. Rxb7 Bd6 27. b4
Re1 28. g3 Qe6 29. Rxe1 Qxe1+ 30. Kg2 Qe6 31. b5 axb5 32. axb5 h6 33. g4 Rf8 34.
Bg3 f5 35. Bxd6 Qxd6 36. gxf5 Qe5 37. Qg3 Qxf5 38. Qxg7# 1-0

[Event "Titled Tue 1st Jul Early"]
[Site "chess.com INT"]
[Date "2025.07.01"]
[Round "5"]
[White "Shubenkova, Veronika"]
[Black "Atkeson, Christopher Timothy"]
[Result "1/2-1/2"]
[WhiteTitle "WFM"]
[WhiteElo "2031"]
[BlackElo "1979"]
[WhiteFideId "44124040"]
[BlackFideId "39956547"]
[EventDate "2025.07.01"]

1. e4 e5 2. Nf3 Nc6 3. Bb5 a6 4. Ba4 Nf6 5. O-O Be7 6. Re1 b5 7. Bb3 d6 8. c3
O-O 9. h3 Nb8 10. d4 Nbd7 11. Bg5 c5 12. Bxf6 Bxf6 13. d5 Re8 14. a4 Rb8 15.
axb5 axb5 16. Nbd2 Nf8 17. Bc2 Ng6 18. b3 Nf4 19. Nf1 g6 20. Ng3 Bd7 21. Ne2
Nxe2+ 22. Qxe2 Ra8 23. Bd3 Qb6 24. Qe3 Qb7 25. b4 c4 26. Bc2 Rxa1 27. Rxa1 Ra8
28. Qc1 Be7 29. Qb2 f5 30. Nd2 f4 31. Nb1 f3 32. Rxa8+ Qxa8 33. Qa3 Qe8 34. Qa7
fxg2 35. Kxg2 Qc8 36. Bd1 Bxh3+ 37. Kh2 Bg5 38. Bf3 Bf4+ 39. Kh1 Bg4 40. Bg2 Bh3
41. Bf3 Bg4 42. Bg2 Bh3 43. Bf3 1/2-1/2

[Event "Titled Tue 1st Jul Early"]
[Site "chess.com INT"]
[Date "2025.07.01"]
[Round "5"]
[White "Lisenkov, Svyatoslav"]
[Black "Mayaud, Raphael"]
[Result "1-0"]
[WhiteTitle "CM"]
[BlackTitle "CM"]
[WhiteElo "2283"]
[BlackElo "2126"]
[WhiteFideId "34264183"]
[BlackFideId "627151"]
[EventDate "2025.07.01"]

1. e4 d5 2. exd5 Qxd5 3. Nc3 Qa5 4. d4 c6 5. Nf3 Nf6 6. Bc4 Bf5 7. Bd2 e6 8. Nd5
Qd8 9. Nxf6+ gxf6 10. O-O Nd7 11. Nh4 Bg6 12. c3 Qc7 13. Qf3 O-O-O 14. a4 Bd6
15. g3 f5 16. a5 a6 17. b4 f4 18. Rfe1 fxg3 19. hxg3 Rhg8 20. Bf1 Bc2 21. Bg2
Bg6 22. c4 e5 23. b5 exd4 24. b6 Qb8 25. Bh3 Rde8 26. Nxg6 fxg6 27. Qf7 Rd8 28.
Bxd7+ Rxd7 29. Qxg8+ Rd8 30. Re8 1-0

[Event "Titled Tue 1st Jul Early"]
[Site "chess.com INT"]
[Date "2025.07.01"]
[Round "5"]
[White "Campos Gomez, Manuel"]
[Black "Zozek Salah Mohammed"]
[Result "1-0"]
[WhiteTitle "IM"]
[BlackTitle "FM"]
[WhiteElo "2359"]
[BlackElo "2205"]
[WhiteFideId "4444710"]
[BlackFideId "4803361"]
[EventDate "2025.07.01"]

1. Nf3 d5 2. c4 c6 3. g3 Nf6 4. Bg2 Bf5 5. O-O e6 6. Qb3 Qb6 7. d3 Nbd7 8. Be3
Qxb3 9. axb3 a6 10. Nh4 Bg4 11. h3 Bxe2 12. Re1 Bxd3 13. Nc3 Bb4 14. cxd5 Nxd5
15. Nxd5 cxd5 16. Red1 Bc2 17. Rdc1 Bxb3 18. Rc7 Rb8 19. Ba7 Ra8 20. Rxb7 a5 21.
Bf1 Bc4 22. Bxc4 dxc4 23. Rd1 Ne5 24. Bd4 Nd3 25. Bxg7 Rg8 26. Bf6 Bc5 27. Kf1
Bxf2 28. Rxd3 cxd3 29. Kxf2 Rc8 30. g4 Rg6 31. Nxg6 hxg6 32. Ke3 Rc2 33. Re7+
Kf8 34. Rd7 Ke8 35. Rd8# 1-0

[Event "Titled Tue 1st Jul Early"]
[Site "chess.com INT"]
[Date "2025.07.01"]
[Round "5"]
[White "Garg, Priyansh"]
[Black "Sakun, Volodymyr"]
[Result "0-1"]
[BlackTitle "FM"]
[WhiteElo "2095"]
[BlackElo "2301"]
[WhiteFideId "30984696"]
[BlackFideId "14114062"]
[EventDate "2025.07.01"]

1. d4 d5 2. Nc3 Nf6 3. Bf4 a6 4. e3 e6 5. g4 c5 6. g5 Nfd7 7. h4 Nc6 8. Nf3 b5
9. a3 Bb7 10. Bg2 Nb6 11. h5 Bd6 12. dxc5 Bxc5 13. Ne5 Nxe5 14. Bxe5 Qxg5 15.
Bg3 Bxe3 16. Qe2 Bd4 17. Nxb5 axb5 18. Qxb5+ Nd7 19. Qxb7 Rd8 20. c3 Be5 21. O-O
Bxg3 22. fxg3 Qxh5 23. a4 O-O 24. a5 Ne5 25. a6 Ng4 26. Rf3 Rb8 27. Qe7 Qh2+ 28.
Kf1 Rxb2 29. a7 Qxg2+ 30. Ke1 Qe2# 0-1

[Event "Titled Tue 1st Jul Early"]
[Site "chess.com INT"]
[Date "2025.07.01"]
[Round "5"]
[White "Cuenca Jimenez, Jose Fernando"]
[Black "Ibarra Jerez, Jose Carlos"]
[Result "0-1"]
[WhiteTitle "GM"]
[BlackTitle "GM"]
[WhiteElo "2477"]
[BlackElo "2545"]
[WhiteFideId "2255570"]
[BlackFideId "2226332"]
[EventDate "2025.07.01"]

1. d4 g6 2. c4 Bg7 3. e4 d6 4. Nc3 e5 5. Nge2 exd4 6. Nxd4 Ne7 7. Be3 Nbc6 8.
Be2 O-O 9. Qd2 f5 10. Nxc6 bxc6 11. Bh6 Bxh6 12. Qxh6 fxe4 13. Nxe4 Nf5 14. Qd2
Qe7 15. Nc3 c5 16. O-O-O Nd4 17. f3 Be6 18. Bd3 Qf7 19. b3 Rab8 20. Bc2 a5 21.
Rhe1 Qg7 22. Re3 c6 23. Rde1 Bf7 24. Re7 d5 25. cxd5 cxd5 26. Nxd5 a4 0-1

[Event "Titled Tue 1st Jul Early"]
[Site "chess.com INT"]
[Date "2025.07.01"]
[Round "5"]
[White "Mende, Andreas"]
[Black "Cornelisse, Lorelei"]
[Result "0-1"]
[WhiteTitle "CM"]
[BlackTitle "WFM"]
[WhiteElo "2113"]
[BlackElo "2129"]
[WhiteFideId "4631102"]
[BlackFideId "1087177"]
[EventDate "2025.07.01"]

1. c4 b6 2. Nc3 Bb7 3. e4 e6 4. g3 f5 5. Bg2 Nf6 6. d3 Bb4 7. Ne2 fxe4 8. O-O
O-O 9. dxe4 e5 10. h3 d6 11. Be3 Nbd7 12. a3 Bc5 13. Bd2 a5 14. Na4 Qe8 15. Nxc5
Nxc5 16. f3 Qg6 17. Qc2 a4 18. Be3 Nh5 19. Kh2 Ne6 20. Rad1 Rf7 21. Rd2 Raf8 22.
Qxa4 Bxe4 23. g4 Bxf3 24. Bxf3 Rxf3 25. Rxf3 Rxf3 26. Bg1 Nf6 27. Qa8+ Ne8 28.
Qxf3 h5 29. gxh5 Qh6 30. Rd1 Ng5 31. Qg4 Nf6 32. Qc8+ Kh7 33. Qf5+ Kg8 34. Qg6
Nf3+ 35. Kg2 Nh4+ 36. Kh1 Nxg6 37. hxg6 Qxh3+ 0-1

[Event "Titled Tue 1st Jul Early"]
[Site "chess.com INT"]
[Date "2025.07.01"]
[Round "5"]
[White "Risteski, Emil"]
[Black "Vetokhin, Savva"]
[Result "0-1"]
[WhiteTitle "IM"]
[BlackTitle "GM"]
[WhiteElo "2374"]
[BlackElo "2569"]
[WhiteFideId "15005267"]
[BlackFideId "44144474"]
[EventDate "2025.07.01"]

1. e4 c5 2. Nc3 Nc6 3. Nge2 Nf6 4. g3 g6 5. Bg2 Bg7 6. O-O O-O 7. d3 d6 8. f4
Rb8 9. h3 Nd7 10. a4 Nd4 11. Nd5 e6 12. Ne3 a6 13. f5 exf5 14. exf5 Re8 15. Kh2
Ne5 16. fxg6 hxg6 17. Nxd4 cxd4 18. Nd5 Be6 19. Qd2 Rc8 20. Rf2 Rc5 21. Nf4 Qd7
22. Qb4 Nc6 23. Qa3 a5 24. Nxe6 Qxe6 25. Bf4 Nb4 26. Qb3 Qxb3 27. cxb3 Nxd3 28.
Rd2 Nxf4 29. gxf4 b6 30. Rf1 Re3 31. Rf3 Rc1 32. Kg3 f5 33. Rd3 Re2 34. Rf2 Rxf2
35. Kxf2 Rc2+ 36. Kg3 Rxb2 37. h4 Bf6 38. Bf3 Kf8 39. h5 gxh5 40. Bxh5 Ke7 41.
Bf3 Ke6 42. Bg2 d5 43. Bf3 Kd6 44. Bg2 Bh4+ 45. Kf3 Rf2# 0-1

[Event "Titled Tue 1st Jul Early"]
[Site "chess.com INT"]
[Date "2025.07.01"]
[Round "5"]
[White "Negrean, Andrei"]
[Black "Shimanov, Aleksandr"]
[Result "0-1"]
[WhiteTitle "FM"]
[BlackTitle "GM"]
[WhiteElo "2352"]
[BlackElo "2578"]
[WhiteFideId "1291513"]
[BlackFideId "4198603"]
[EventDate "2025.07.01"]

1. d4 d5 2. Nc3 Nf6 3. Bf4 a6 4. e3 b5 5. Nf3 e6 6. Bd3 c5 7. dxc5 Bxc5 8. O-O
Bb7 9. Ne5 O-O 10. Ne2 Nbd7 11. Nd4 Rc8 12. c3 Qe7 13. a3 Bd6 14. Nxd7 Qxd7 15.
Bxd6 Qxd6 16. h3 e5 17. Nf5 Qc7 18. Rc1 Rcd8 19. Qe2 Rfe8 20. Bb1 g6 21. Ng3 Qb6
22. Qc2 h5 23. Ne2 Qc6 24. f3 Qb6 25. Qd2 h4 26. Rfd1 Nh5 27. Kf2 Qf6 28. Kg1
Qg5 29. Kf2 a5 30. Bc2 Ba6 31. Bd3 e4 32. Bb1 exf3 33. gxf3 b4 34. Rg1 Qe5 35.
Rg2 Bxe2 36. Qxe2 Nf4 37. Qd2 Nxg2 38. Kxg2 Qg3+ 39. Kf1 Qxf3+ 40. Qf2 Qh1+ 41.
Qg1 Qxh3+ 42. Qg2 Qxg2+ 43. Kxg2 bxa3 44. bxa3 Rxe3 0-1

[Event "Titled Tue 1st Jul Early"]
[Site "chess.com INT"]
[Date "2025.07.01"]
[Round "5"]
[White "Light, Bjarne"]
[Black "Iskusnyh, Sergei"]
[Result "0-1"]
[WhiteTitle "CM"]
[BlackTitle "GM"]
[WhiteElo "2227"]
[BlackElo "2440"]
[WhiteFideId "1401360"]
[BlackFideId "4120027"]
[EventDate "2025.07.01"]

1. c4 c5 2. g3 g6 3. Bg2 Bg7 4. Nc3 Nc6 5. d3 d6 6. e4 e6 7. Nge2 Nge7 8. O-O
O-O 9. Be3 Nd4 10. Qd2 Nec6 11. Bh6 Bxh6 12. Qxh6 Qf6 13. Qd2 Nf3+ 14. Bxf3 Qxf3
15. Qe3 Qf6 16. f4 Nd4 17. Qf2 Bd7 18. Nxd4 cxd4 19. Ne2 e5 20. Kg2 b5 21. b3
Rab8 22. Rab1 h5 23. h3 Kg7 24. Kh2 Qe7 25. Ng1 f6 26. Nf3 Rb7 27. Nd2 Rfb8 28.
Rbc1 Be8 29. Rc2 a5 30. cxb5 Bxb5 31. Rfc1 Bxd3 32. Rc6 Bb5 33. Rc8 Rxc8 34.
Rxc8 Rc7 35. Rb8 Bd3 36. fxe5 dxe5 37. Qf3 Rc3 38. Qf2 Rc2 39. Kh1 Bxe4+ 40. Kg1
Bd5 41. Qe1 Qc7 0-1

[Event "Titled Tue 1st Jul Early"]
[Site "chess.com INT"]
[Date "2025.07.01"]
[Round "5"]
[White "Durarbayli, Vasif"]
[Black "Rohit, S"]
[Result "1-0"]
[WhiteTitle "GM"]
[BlackTitle "FM"]
[WhiteElo "2612"]
[BlackElo "2215"]
[WhiteFideId "13402935"]
[BlackFideId "46633847"]
[EventDate "2025.07.01"]

1. e4 c5 2. Nf3 d6 3. d4 cxd4 4. Nxd4 Nf6 5. Nc3 a6 6. Be2 e5 7. Nb3 Be7 8. O-O
O-O 9. Re1 Qc7 10. a4 Nc6 11. a5 Be6 12. Nd5 Bxd5 13. exd5 Nb8 14. c4 Nbd7 15.
Nd2 Ne8 16. b4 f5 17. Bb2 e4 18. Nb3 Bf6 19. Bxf6 Rxf6 20. Nd4 Ne5 21. Rc1 f4
22. Bf1 f3 23. g3 Qf7 24. Rxe4 Qh5 25. c5 Nf7 26. Rh4 Qxd5 27. Bc4 Qg5 28. Rc3
dxc5 29. Nxf3 Qf5 30. Rf4 Qg6 31. Ne5 Rxf4 32. Nxg6 Rxc4 33. Rxc4 hxg6 34. bxc5
Rd8 35. Qb3 Ng5 36. Rd4+ 1-0

[Event "Titled Tue 1st Jul Early"]
[Site "chess.com INT"]
[Date "2025.07.01"]
[Round "5"]
[White "Hrebenshchykova, Yelyzaveta"]
[Black "Zhakshylykov, Erzhan"]
[Result "0-1"]
[WhiteTitle "WIM"]
[BlackTitle "IM"]
[WhiteElo "2265"]
[BlackElo "2362"]
[WhiteFideId "14159899"]
[BlackFideId "13804111"]
[EventDate "2025.07.01"]

1. e4 c6 2. d4 d5 3. e5 Bf5 4. h4 Qb6 5. Nc3 h5 6. Nge2 e6 7. Ng3 Bg6 8. Be2 c5
9. Bb5+ Nc6 10. Be3 cxd4 11. Bxd4 Bc5 12. Bxc5 Qxc5 13. O-O Ne7 14. Kh2 O-O 15.
Be2 d4 16. Nce4 Bxe4 17. Nxe4 Qxe5+ 18. Ng3 g6 19. f4 Qf6 20. Kh3 Nf5 21. Nxf5
Qxf5+ 22. Kh2 Rad8 23. Bd3 Qf6 24. g3 Nb4 25. Qf3 Nd5 26. Rae1 Ne3 27. Rg1 b6
28. Be4 Rc8 29. c3 Ng4+ 30. Kh1 dxc3 0-1

[Event "Titled Tue 1st Jul Early"]
[Site "chess.com INT"]
[Date "2025.07.01"]
[Round "5"]
[White "Mecit, Emre"]
[Black "Fernandes, Rogerio Paulo Muller"]
[Result "0-1"]
[WhiteElo "2007"]
[BlackElo "2241"]
[WhiteFideId "6304214"]
[BlackFideId "2101599"]
[EventDate "2025.07.01"]

1. e4 e6 2. d3 d5 3. Nd2 c5 4. Ngf3 Nc6 5. g3 Bd6 6. Bg2 Nge7 7. O-O Qc7 8. Re1
O-O 9. exd5 exd5 10. d4 cxd4 11. Nb3 Bg4 12. h3 Bxf3 13. Bxf3 b6 14. Re2 Rfe8
15. Nxd4 Nxd4 16. Qxd4 Bc5 17. Qf4 Bd6 18. Qg4 Rad8 19. Bg5 Be5 20. Rae1 f6 21.
Rxe5 fxe5 22. Bf6 Ng6 23. Bxd8 Rxd8 24. h4 e4 25. Bg2 Ne5 26. Qe2 Rf8 27. Rd1
Qf7 28. f4 exf3 29. Qxe5 fxg2 30. Kxg2 Qf3+ 31. Kh3 Qxd1 0-1

[Event "Titled Tue 1st Jul Early"]
[Site "chess.com INT"]
[Date "2025.07.01"]
[Round "5"]
[White "Sava, Robert-Gabriel"]
[Black "Shariyazdanov, Andrey"]
[Result "0-1"]
[WhiteTitle "CM"]
[BlackTitle "GM"]
[WhiteElo "2121"]
[BlackElo "2505"]
[WhiteFideId "1265725"]
[BlackFideId "4122747"]
[EventDate "2025.07.01"]

1. e4 c5 2. Nc3 Nc6 3. g3 g6 4. Bg2 Bg7 5. d3 e6 6. f4 Nge7 7. Nf3 d6 8. O-O O-O
9. Be3 b6 10. Qd2 Bb7 11. Rab1 Nd4 12. Ne2 Nxf3+ 13. Bxf3 f5 14. Bg2 Qd7 15. c3
Rad8 16. Rbd1 h6 17. c4 Kh7 18. b3 Ng8 19. d4 cxd4 20. Nxd4 fxe4 21. Bh3 Rde8
22. Ne2 d5 23. cxd5 Bxd5 24. Nc3 Nf6 25. Bd4 Qf7 26. Bxf6 Qxf6 27. Nxd5 exd5 28.
Qxd5 e3 29. Rfe1 e2 30. Rd2 Rd8 31. Rexe2 Rxd5 32. Rxd5 Rd8 33. Rde5 Rd1+ 34.
Kf2 Qd6 35. Re7 Qc5+ 36. Kf3 h5 37. f5 g5 38. f6 g4+ 39. Kf4 Rd4+ 40. R2e4 Rxe4+
41. Kxe4 Qc6+ 42. Kd3 Qxf6 0-1

[Event "Titled Tue 1st Jul Early"]
[Site "chess.com INT"]
[Date "2025.07.01"]
[Round "5"]
[White "Grot, Blazej"]
[Black "Rakhmanov, Aleksandr"]
[Result "0-1"]
[WhiteTitle "CM"]
[BlackTitle "GM"]
[WhiteElo "2207"]
[BlackElo "2585"]
[WhiteFideId "21835845"]
[BlackFideId "4173708"]
[EventDate "2025.07.01"]

1. e4 c5 2. Nf3 Nf6 3. Nc3 d5 4. exd5 Nxd5 5. Bb5+ Bd7 6. Bxd7+ Qxd7 7. O-O Nc6
8. d3 g6 9. Re1 Bg7 10. Bd2 O-O 11. Nxd5 Qxd5 12. Bc3 e5 13. Qe2 Rfe8 14. a3 Nd4
15. Bxd4 cxd4 16. c3 dxc3 17. bxc3 Rad8 18. Rab1 b6 19. d4 e4 20. Nd2 f5 21. Qc4
Bh6 22. Rb5 Qe6 23. d5 Qc8 24. d6+ Qe6 25. Qxe6+ Rxe6 26. Nc4 Bg7 27. Rd1 Bxc3
28. a4 Kf7 29. a5 Bxa5 30. Nxa5 bxa5 31. Rb7+ Kf6 32. d7 Ra6 33. h4 a4 34. Ra1
a3 35. Ra2 Ke7 36. h5 Rxd7 37. Rb3 0-1

[Event "Titled Tue 1st Jul Early"]
[Site "chess.com INT"]
[Date "2025.07.01"]
[Round "5"]
[White "Fomevor, Cephas Clinton"]
[Black "Andrade, Ivan"]
[Result "0-1"]
[WhiteTitle "CM"]
[BlackTitle "FM"]
[WhiteElo "1883"]
[BlackElo "2136"]
[WhiteFideId "12601330"]
[BlackFideId "14800039"]
[EventDate "2025.07.01"]

1. d4 Nf6 2. c4 e6 3. Nf3 b6 4. a3 Bb7 5. Nc3 Be7 6. Bg5 Ne4 7. Nxe4 Bxe4 8.
Bxe7 Qxe7 9. e3 O-O 10. Be2 f5 11. O-O d6 12. Nd2 Nd7 13. Bf3 Nf6 14. g3 c5 15.
Bg2 Qb7 16. Nxe4 Nxe4 17. dxc5 dxc5 18. Qc2 Rad8 19. Rfd1 Qc6 20. h4 a5 21. Rxd8
Rxd8 22. Rd1 Rxd1+ 23. Qxd1 Qd6 24. Qc2 Nf6 25. Bf1 g6 26. Qd3 Qxd3 27. Bxd3 e5
28. Kf1 Kf7 29. Ke2 Ke6 30. f3 e4 31. fxe4 fxe4 32. Bc2 Ke5 33. Ba4 Kf5 34. Bc6
Kg4 35. Kf2 Kh3 36. Bb7 Ng4+ 37. Ke2 Kxg3 38. Bxe4 Kxh4 39. Bc6 Kg3 40. e4 Ne5
41. Bd5 h5 0-1

[Event "Titled Tue 1st Jul Early"]
[Site "chess.com INT"]
[Date "2025.07.01"]
[Round "5"]
[White "Akkara, Omer"]
[Black "Nikookar, Mahdi"]
[Result "0-1"]
[WhiteTitle "CM"]
[BlackTitle "FM"]
[WhiteElo "2036"]
[BlackElo "2216"]
[WhiteFideId "26319802"]
[BlackFideId "22552987"]
[EventDate "2025.07.01"]

1. e4 e5 2. Nf3 d6 3. Bc4 c6 4. Nc3 Be6 5. Bxe6 fxe6 6. d4 exd4 7. Nxd4 e5 8.
Ne6 Qe7 9. Nxf8 Qxf8 10. Be3 Nf6 11. f3 Qe7 12. Qd2 O-O 13. O-O-O Rd8 14. h4 Na6
15. h5 d5 16. exd5 cxd5 17. Bg5 Qf7 18. Bxf6 gxf6 19. Nxd5 Nc7 20. c4 Rac8 21.
Kb1 Nxd5 22. cxd5 Rc5 23. d6 Rc6 24. Qb4 b6 25. d7 Rc7 26. h6 Rcxd7 27. Qg4+
Qg6+ 28. Qxg6+ hxg6 29. Rc1 Kh7 30. a3 f5 31. Ka2 e4 32. fxe4 fxe4 33. Rc6 Re7
34. Rc2 e3 35. Re2 Rd2 36. Ree1 e2 37. g4 g5 38. Rh2 Re4 39. Kb1 Rd1+ 40. Kc2
Rxe1 41. Kd3 Rd1+ 42. Kxe4 e1=Q+ 43. Kf5 Rd5+ 44. Kf6 Qf1+ 45. Ke7 Qe1+ 46. Kf6
Rd6+ 47. Kxg5 Qe5+ 48. Kh4 Qxh2+ 49. Kg5 Qe5+ 50. Kh4 Rxh6# 0-1

[Event "Titled Tue 1st Jul Early"]
[Site "chess.com INT"]
[Date "2025.07.01"]
[Round "5"]
[White "Fedotov, Nikita2"]
[Black "Beyer, Lorenz"]
[Result "1-0"]
[WhiteTitle "FM"]
[BlackTitle "CM"]
[WhiteElo "2278"]
[BlackElo "2192"]
[WhiteFideId "24161446"]
[BlackFideId "16245393"]
[EventDate "2025.07.01"]

1. e4 e6 2. d4 d5 3. Nc3 Nf6 4. e5 Nfd7 5. f4 c5 6. Nf3 Nc6 7. Be3 a6 8. Bd3 b5
9. O-O Qb6 10. Bf2 Bb7 11. f5 Be7 12. fxe6 fxe6 13. Ng5 Bxg5 14. Qh5+ Kd8 15.
Qxg5+ Kc7 16. dxc5 Qa5 17. Nxd5+ exd5 18. e6 Kb8 19. exd7 Ka7 20. Qxd5 Rad8 21.
Be4 Qc7 22. Rad1 Rhf8 23. b4 Qf4 24. a4 Rb8 25. axb5 Nxb4 26. c6+ Qxf2+ 27. Rxf2
Nxd5 28. Bxd5 Rxf2 29. Kxf2 Kb6 30. cxb7 Rd8 31. bxa6 Rxd7 32. b8=Q+ 1-0

[Event "Titled Tue 1st Jul Early"]
[Site "chess.com INT"]
[Date "2025.07.01"]
[Round "5"]
[White "Mattenberger, Matthias"]
[Black "Povshednyi, Ivan"]
[Result "0-1"]
[WhiteTitle "FM"]
[BlackTitle "FM"]
[WhiteElo "2276"]
[BlackElo "2307"]
[WhiteFideId "1339958"]
[BlackFideId "14190907"]
[EventDate "2025.07.01"]

1. d4 d5 2. c4 e6 3. Nc3 a6 4. cxd5 exd5 5. Nf3 Nf6 6. Bg5 Be6 7. e3 Nbd7 8. Bd3
Bd6 9. O-O c6 10. Bf4 Qb8 11. Qd2 O-O 12. h3 Nh5 13. Bxd6 Qxd6 14. b4 Nhf6 15.
Rab1 b5 16. a4 Nb6 17. Ne5 Nc4 18. Bxc4 bxc4 19. a5 Rab8 20. Qb2 Bf5 21. Qa3
Bxb1 22. Rxb1 Rb5 23. Nxb5 cxb5 24. Nf3 Re8 25. Nd2 Ne4 26. Nxe4 Rxe4 27. Re1
Qe7 28. Qc3 f5 29. Rf1 f4 30. exf4 Qf6 31. Rd1 Qxf4 32. g3 Qf6 33. h4 h6 34. Kg2
Re2 35. Qf3 Qxf3+ 36. Kxf3 Rb2 37. Re1 Rxb4 38. Re5 c3 39. Rxd5 c2 0-1

[Event "Titled Tue 1st Jul Early"]
[Site "chess.com INT"]
[Date "2025.07.01"]
[Round "5"]
[White "Levitan, Judah Nathan"]
[Black "Jakovljevic, Dejan"]
[Result "1-0"]
[WhiteTitle "CM"]
[BlackTitle "CM"]
[WhiteElo "2266"]
[BlackElo "1956"]
[WhiteFideId "14332639"]
[BlackFideId "949418"]
[EventDate "2025.07.01"]

1. e4 e6 2. d4 d5 3. Nc3 Nc6 4. e5 f6 5. f4 fxe5 6. fxe5 Qh4+ 7. g3 Qxd4 8. Qxd4
Nxd4 9. Bd3 c5 10. Nh3 c4 11. Be3 Nf3+ 12. Kf2 Nxe5 13. Be2 Nf6 14. Nf4 Neg4+
15. Bxg4 Nxg4+ 16. Kf3 Nxe3 17. Kxe3 Bc5+ 18. Kd2 O-O 19. Rae1 Rf6 20. Nb5 Bd7
21. Nc7 Rd8 22. Ncxe6 Bxe6 23. Nxe6 Rf2+ 24. Kc1 Rc8 25. Nxc5 Rxc5 26. Re8+ Kf7
27. Rhe1 Rc7 28. Rd8 Rf5 29. g4 Rg5 30. h3 b5 31. Rf1+ Ke7 32. Rdf8 d4 33. R8f4
d3 34. cxd3 cxd3+ 35. Kd1 Rc2 36. Rf7+ Ke6 37. Rxa7 Rxb2 38. Rff7 Rxa2 39. Rfe7+
Kd6 40. Red7+ Kc6 41. Rdc7+ Kb6 42. Rab7+ Ka5 43. Ra7+ Kb6 44. Rab7+ Ka5 45.
Rxg7 Rxg7 46. Rxg7 h5 47. Ra7+ Kb4 48. Rxa2 Kc3 49. gxh5 b4 50. h6 b3 51. Ra3
Kb2 52. Rxb3+ Kxb3 53. h7 Kc3 54. h8=Q+ 1-0

[Event "Titled Tue 1st Jul Early"]
[Site "chess.com INT"]
[Date "2025.07.01"]
[Round "5"]
[White "Safin Safarullakhan"]
[Black "Garv, Gaur"]
[Result "0-1"]
[WhiteTitle "CM"]
[BlackTitle "FM"]
[WhiteElo "2028"]
[BlackElo "2363"]
[WhiteFideId "33379475"]
[BlackFideId "45030839"]
[EventDate "2025.07.01"]

1. e4 c6 2. d4 d5 3. exd5 cxd5 4. Nf3 Nc6 5. c3 Qc7 6. Be2 Bg4 7. O-O e6 8. Re1
Bd6 9. h3 Bh5 10. Nbd2 Nge7 11. Nf1 O-O 12. b4 a6 13. a4 Bg6 14. Ba3 Rfd8 15.
Qd2 Rac8 16. b5 Na5 17. Bxd6 Qxd6 18. Ne5 Nb3 19. Qf4 Nxa1 20. Rxa1 axb5 21.
axb5 Rxc3 22. Ne3 f6 23. Nxg6 hxg6 24. Qh4 Nf5 25. Nxf5 gxf5 26. Bh5 g5 27. Bf7+
Kxf7 28. Qh7+ Ke8 29. Re1 Qe7 30. Qh5+ Kd7 31. b6 Rdc8 32. Kh2 Qd6+ 33. g3 Rc2
34. Kg2 R8c3 35. Qh7+ Kc6 36. Qg8 Qxg3+ 0-1

[Event "Titled Tue 1st Jul Early"]
[Site "chess.com INT"]
[Date "2025.07.01"]
[Round "5"]
[White "May Sanchez, Andres Elias"]
[Black "Sickmann, Lisa"]
[Result "0-1"]
[WhiteTitle "CM"]
[BlackTitle "WFM"]
[WhiteElo "2215"]
[BlackElo "1961"]
[WhiteFideId "5150973"]
[BlackFideId "16267818"]
[EventDate "2025.07.01"]

1. d4 Nf6 2. c4 g6 3. Nc3 Bg7 4. e4 d6 5. h3 O-O 6. Be3 Nbd7 7. Nf3 c5 8. d5 a6
9. a4 b6 10. Bd3 Ne5 11. Nxe5 dxe5 12. O-O Nd7 13. a5 Rb8 14. axb6 Qxb6 15. Ra2
f5 16. exf5 gxf5 17. Bc2 e4 18. Qd2 Ne5 19. b3 Ng6 20. Na4 Qb4 21. Nxc5 Qxd2 22.
Bxd2 Bd4 23. Nxa6 Rb6 24. Nb4 Bb7 25. Ra4 Nh4 26. Bg5 Nxg2 27. Bxe7 Rg6 28. Kh1
Re8 29. d6 e3 30. f3 e2 31. Rg1 Bxf3 32. h4 Ne1+ 33. Kh2 Bxg1+ 34. Kh3 Bg2# 0-1

[Event "Titled Tue 1st Jul Early"]
[Site "chess.com INT"]
[Date "2025.07.01"]
[Round "5"]
[White "Rubio, Lloyd"]
[Black "Hernandez Samayoa, Dilan Alexander"]
[Result "1-0"]
[BlackTitle "CM"]
[WhiteElo "2167"]
[BlackElo "2006"]
[WhiteFideId "5210453"]
[BlackFideId "7306679"]
[EventDate "2025.07.01"]

1. d4 Nf6 2. c4 g6 3. Nc3 d5 4. Bg5 Bg7 5. e3 Ne4 6. Nxe4 dxe4 7. Qd2 O-O 8. Ne2
c5 9. h4 h6 10. Bf4 Nc6 11. d5 Nb4 12. Nc3 Bf5 13. Be2 Qd7 14. O-O e6 15. a3 Nd3
16. Bxd3 exd3 17. e4 Bg4 18. f3 e5 19. Bxh6 Bh8 20. Bxf8 Rxf8 21. fxg4 Qxg4 22.
Qf2 f5 23. Rad1 Bg7 24. Rxd3 fxe4 25. Rg3 Qxh4 26. Qe3 Rxf1+ 27. Kxf1 Qh1+ 28.
Kf2 Qh4 29. Nxe4 Bh6 30. Qf3 Bf4 31. Ke2 Bxg3 32. Nxg3 Qxc4+ 33. Qd3 Qg4+ 34.
Kf2 Kg7 35. Qe4 Qg5 36. Ne2 Qf6+ 37. Kg1 Qd6 38. Nc3 b6 39. Qg4 Qd7 40. Qxd7+ 1-0

[Event "Titled Tue 1st Jul Early"]
[Site "chess.com INT"]
[Date "2025.07.01"]
[Round "5"]
[White "Xalmatov, Yakubjon"]
[Black "Birkisson, Bjorn Holm"]
[Result "0-1"]
[WhiteTitle "CM"]
[BlackTitle "CM"]
[WhiteElo "2096"]
[BlackElo "2159"]
[WhiteFideId "14201615"]
[BlackFideId "2310600"]
[EventDate "2025.07.01"]

1. e4 c5 2. Nf3 Nc6 3. Bb5 g6 4. Bxc6 bxc6 5. O-O Bg7 6. c3 Nf6 7. Re1 O-O 8. d4
cxd4 9. cxd4 d5 10. e5 Ne4 11. Nc3 Nxc3 12. bxc3 f6 13. Ba3 Bg4 14. e6 Qc8 15.
Qe2 Qc7 16. h3 Bxf3 17. Qxf3 Rab8 18. Qd3 Bh6 19. g3 f5 20. Rab1 f4 21. g4 Rxb1
22. Rxb1 f3 23. Bc5 Bf4 24. Qa6 Bh2+ 25. Kh1 Bg3 26. Kg1 Bxf2+ 27. Kxf2 Qh2+ 28.
Ke3 Qf4+ 29. Kf2 Qd2+ 30. Kf1 Qg2+ 31. Ke1 f2+ 0-1